000 00525nam a2200229Ia 4500
008 210210b2017 xxu||||| |||| 00| 0 eng d
020 _a9789385998454
041 _aeng
082 _a581.0724 FASP
100 _aFASELLA (Paolo)
245 _aPlant biotechnology Ed 2
250 _a
260 _aNew Delhi
_bMedtech
_c2017
300 _axxiv,503
650 _aPlant
650 _aEd
650 _abiotechnology
650 _a2
690 _aPlant Biotechnology
700 _aHUSSAIN (Anwar)
906 _a073053
999 _c122833
_d122833